<?xml version="1.0" encoding="UTF-8"?>
<record
    xmlns:xsi="http://www.w3.org/2001/XMLSchema-instance"
    xsi:schemaLocation="http://www.loc.gov/MARC21/slim http://www.loc.gov/standards/marcxml/schema/MARC21slim.xsd"
    xmlns="http://www.loc.gov/MARC21/slim">

  <leader>00392nam a2200157Ia 4500</leader>
  <controlfield tag="008">231217s9999    xx            000 0 und d</controlfield>
  <datafield tag="041" ind1=" " ind2=" ">
    <subfield code="a">English</subfield>
  </datafield>
  <datafield tag="082" ind1=" " ind2=" ">
    <subfield code="a">576  STA;1  R</subfield>
  </datafield>
  <datafield tag="100" ind1=" " ind2=" ">
    <subfield code="a">Stanier, Roger Y Etc.</subfield>
  </datafield>
  <datafield tag="245" ind1=" " ind2="0">
    <subfield code="a">General microbioogy</subfield>
  </datafield>
  <datafield tag="250" ind1=" " ind2=" ">
    <subfield code="a">5th ed.</subfield>
  </datafield>
  <datafield tag="260" ind1=" " ind2=" ">
    <subfield code="c">1987</subfield>
    <subfield code="b">Hampshire : Macmillan Press,</subfield>
  </datafield>
  <datafield tag="300" ind1=" " ind2=" ">
    <subfield code="a">xiv+689</subfield>
  </datafield>
  <datafield tag="650" ind1=" " ind2=" ">
    <subfield code="a">General,microbioogy</subfield>
  </datafield>
  <datafield tag="942" ind1=" " ind2=" ">
    <subfield code="c">AA</subfield>
  </datafield>
  <datafield tag="999" ind1=" " ind2=" ">
    <subfield code="c">169321</subfield>
    <subfield code="d">169321</subfield>
  </datafield>
  <datafield tag="952" ind1=" " ind2=" ">
    <subfield code="r">2024-01-26 00:00:00</subfield>
    <subfield code="l">0</subfield>
    <subfield code="o">576  STA;1  R</subfield>
    <subfield code="p">22561</subfield>
    <subfield code="v">451.54</subfield>
    <subfield code="w">2024-01-26</subfield>
    <subfield code="y">AA</subfield>
    <subfield code="1">0</subfield>
    <subfield code="4">0</subfield>
    <subfield code="7">0</subfield>
    <subfield code="8">CL</subfield>
    <subfield code="0">0</subfield>
    <subfield code="a">ML</subfield>
    <subfield code="b">ML</subfield>
    <subfield code="d">2003-09-08</subfield>
    <subfield code="e">Sapna Book House</subfield>
    <subfield code="g">6.50</subfield>
    <subfield code="E">BT</subfield>
    <subfield code="K">18202</subfield>
    <subfield code="L">14/02/2005</subfield>
    <subfield code="G">POUND</subfield>
    <subfield code="F">81.8</subfield>
    <subfield code="V">0.98</subfield>
    <subfield code="W">15</subfield>
  </datafield>
  <datafield tag="952" ind1=" " ind2=" ">
    <subfield code="r">2024-01-26 00:00:00</subfield>
    <subfield code="l">0</subfield>
    <subfield code="o">576  STA;2  R1</subfield>
    <subfield code="p">22562</subfield>
    <subfield code="v">451.54</subfield>
    <subfield code="w">2024-01-26</subfield>
    <subfield code="y">AA</subfield>
    <subfield code="1">0</subfield>
    <subfield code="4">0</subfield>
    <subfield code="7">0</subfield>
    <subfield code="8">CL</subfield>
    <subfield code="0">0</subfield>
    <subfield code="a">ML</subfield>
    <subfield code="b">ML</subfield>
    <subfield code="d">2003-09-08</subfield>
    <subfield code="e">Sapna Book House</subfield>
    <subfield code="g">6.50</subfield>
    <subfield code="E">BT</subfield>
    <subfield code="K">18202</subfield>
    <subfield code="L">14/02/2005</subfield>
    <subfield code="G">POUND</subfield>
    <subfield code="F">81.8</subfield>
    <subfield code="V">0.98</subfield>
    <subfield code="W">15</subfield>
  </datafield>
  <datafield tag="952" ind1=" " ind2=" ">
    <subfield code="r">2024-01-26 00:00:00</subfield>
    <subfield code="l">0</subfield>
    <subfield code="o">576  STA;5</subfield>
    <subfield code="p">22565</subfield>
    <subfield code="v">451.54</subfield>
    <subfield code="w">2024-01-26</subfield>
    <subfield code="y">AA</subfield>
    <subfield code="1">0</subfield>
    <subfield code="4">0</subfield>
    <subfield code="7">0</subfield>
    <subfield code="8">CL</subfield>
    <subfield code="0">0</subfield>
    <subfield code="a">ML</subfield>
    <subfield code="b">ML</subfield>
    <subfield code="d">2003-09-08</subfield>
    <subfield code="e">Sapna Book House</subfield>
    <subfield code="g">6.50</subfield>
    <subfield code="E">BT</subfield>
    <subfield code="K">18202</subfield>
    <subfield code="L">14/02/2005</subfield>
    <subfield code="G">POUND</subfield>
    <subfield code="F">81.8</subfield>
    <subfield code="V">0.98</subfield>
    <subfield code="W">15</subfield>
  </datafield>
  <datafield tag="952" ind1=" " ind2=" ">
    <subfield code="r">2024-01-26 00:00:00</subfield>
    <subfield code="l">0</subfield>
    <subfield code="o">576  STA;6</subfield>
    <subfield code="p">22566</subfield>
    <subfield code="v">451.54</subfield>
    <subfield code="w">2024-01-26</subfield>
    <subfield code="y">AA</subfield>
    <subfield code="1">0</subfield>
    <subfield code="4">0</subfield>
    <subfield code="7">0</subfield>
    <subfield code="8">CL</subfield>
    <subfield code="0">0</subfield>
    <subfield code="a">ML</subfield>
    <subfield code="b">ML</subfield>
    <subfield code="d">2003-09-08</subfield>
    <subfield code="e">Sapna Book House</subfield>
    <subfield code="g">6.50</subfield>
    <subfield code="E">BT</subfield>
    <subfield code="K">18202</subfield>
    <subfield code="L">14/02/2005</subfield>
    <subfield code="G">POUND</subfield>
    <subfield code="F">81.8</subfield>
    <subfield code="V">0.98</subfield>
    <subfield code="W">15</subfield>
  </datafield>
</record>
